| 000 | 00819nam a2200229 i 4500 | ||
|---|---|---|---|
| 001 | 44921 | ||
| 003 | ES-MaACL | ||
| 005 | 20230906161123.0 | ||
| 007 | t| | ||
| 008 | 030324s1886 sp ||||1| spa d | ||
| 245 | 0 | 0 |
_aCódigo penal vigente en las islas de Cuba y Puerto Rico : _bmandado observar por Real Decreto de 23 de mayo de 1839 : anotado con la jurisprudencia del Tribunal Supremo. |
| 260 |
_aMadrid : _bPedro Núñez, _c1886. |
||
| 300 |
_a287 p. ; _c19 cm. |
||
| 490 | 1 |
_aBiblioteca judicial ; _v30 |
|
| 650 | 4 |
_aDerecho penal- _zCuba. _9171654 |
|
| 650 | 4 |
_aDerecho penal- _zPuerto Rico. _9171655 |
|
| 650 | 4 |
_aDerecho colonial- _zCuba. _9169393 |
|
| 650 | 4 |
_aDerecho colonial- _zPuerto Rico. _9141891 |
|
| 830 | 1 |
_aBiblioteca judicial ; _v30 _9181856 |
|
| 852 |
_aES-MaACL _jB-6677 |
||
| 999 |
_c44921 _d44921 |
||